000 00648nam a2200217Ia 4500
003 OSt
005 20260605113356.0
008 210210b1999 xxu||||| |||| 00| 0 eng d
020 _a81 86670 34 1
040 _cAL
041 _aKannada
082 _a915.404K JANT
100 _aJANAKI BRAHMAVARA M
_dಜಾನಕಿ ಬ್ರಹ್ಮಾವರ (ಎಂ.)
_9265320
245 _aTirugatada tirulu.
_bತಿರುಗಾಟದ ತಿರುಳು
260 _aMangaluru
_bHemanshu Prakashana
_c1999
300 _a136
650 _aNorth India tour pravasa kulu manali
_9265321
690 _aTravel
_9265322
906 _a056331
942 _2ddc
_cBK
999 _c103575
_d103575